书目信息 |
| 题名: |
图说“一五”时期的北京
|
|
| 作者: | ;中共北京市委党史研究室 , 北京市档案局(馆) 编 | |
| 分册: | ||
| 出版信息: | 北京 中央文献出版社 2017 |
|
| 页数: | 180页 | |
| 开本: | 29cm | |
| 丛书名: | ||
| 单 册: | ||
| 中图分类: | F127.1 | |
| 科图分类: | ||
| 主题词: | 国民经济计划--五年计划--北京--1953-1957--图解 , 社会发展--五年计划--北京--1953-1957--图解 | |
| 电子资源: | ||
| ISBN: | 978-7-5073-4610-7 | |
| 000 | 01034nam0 2200253 45 | |
| 001 | 012001005293 | |
| 005 | 20141008140136.0 | |
| 010 | @a978-7-5073-4610-7@dCNY150.00 | |
| 100 | @a20180714d2017 em y0chiy50 ea | |
| 101 | 0 | @achi |
| 102 | @aCN@b110000 | |
| 105 | @aa z 000yy | |
| 106 | @ar | |
| 200 | 1 | @a图说“一五”时期的北京@9tu shuo “ yi wu ” shi qi de bei jing@f中共北京市委党史研究室,北京市档案局(馆)编 |
| 210 | @a北京@c中央文献出版社@d2017 | |
| 215 | @a180页@d29cm | |
| 330 | @a本书以400余幅历史图片为主,努力做到图文并茂、以图为主,将图片与大事记、历史链接等内容结合,使读者在看图直观感受历史的同时,也能大致了解这一时期北京的历史脉络。 | |
| 606 | 0 | @a国民经济计划@x五年计划@y北京@z1953-1957@j图解 |
| 606 | 0 | @a社会发展@x五年计划@y北京@z1953-1957@j图解 |
| 690 | @aF127.1@v5 | |
| 711 | 02 | @a中共北京市委党史研究室@9zhong gong bei jing shi wei dang shi yan jiu shi@4编 |
| 711 | 02 | @a北京市档案局(馆)@9bei jing shi dang an ju ( guan )@4编 |
| 801 | 0 | @aCN@b上海新华@c20180901 |
| 905 | @b1173471-3@dF127.1@e352@f3 | |
| 图说“一五”时期的北京/中共北京市委党史研究室,北京市档案局(馆)编.-北京:中央文献出版社,2017 |
| 180页;29cm |
| ISBN 978-7-5073-4610-7:CNY150.00 |
| 本书以400余幅历史图片为主,努力做到图文并茂、以图为主,将图片与大事记、历史链接等内容结合,使读者在看图直观感受历史的同时,也能大致了解这一时期北京的历史脉络。 |
| ● |
| 相关链接 |
|
|
|
|
正题名:图说"一五"时期的北京
索取号:F127.1/352
 
预约/预借
| 序号 | 登录号 | 条形码 | 馆藏地/架位号 | 状态 | 备注 |
| 1 | 1173471 | 211734710 | 第一样本阅览室/ [索取号:F127.1/352] | 在馆 | |
| 2 | 1173472 | 211734729 | 密集书库-海洋学院/ [索取号:F127.1/352] | 在馆 | |
| 3 | 1173473 | 211734738 | 第一借阅区/ [索取号:F127.1/352] | 在馆 |